Statistics for Grass Type Pokemon Moves

Click here to take the quiz!

General Stats

  • This quiz has been taken 100 times
  • The average score is 34 of 53

Answer Stats

HintAnswer% Correct
VVine Whip
95%
SSolar Beam
91%
LLeaf Blade
89%
LLeech Seed
89%
RRazor Leaf
87%
GGiga Drain
85%
LLeaf Storm
85%
MMega Drain
84%
AAbsorb
82%
SSeed Bomb
78%
SSleep Powder
78%
BBullet Seed
76%
FFrenzy Plant
76%
GGrassy Terrain
76%
IIngrain
76%
PPower Whip
76%
LLeaf Tornado
75%
EEnergy Ball
73%
GGrass Pledge
73%
PPetal Dance
73%
GGrass Whistle
71%
LLeafage
71%
SSpore
71%
SSynthesis
71%
GGrass Knot
69%
AAromatherapy
67%
HHorn Leech
67%
SSolar Blade
67%
SStun Spore
67%
WWood Hammer
67%
MMagical Leaf
65%
SSeed Flare
62%
SSpiky Shield
58%
WWorry Seed
58%
PPetal Blizzard
56%
CCotton Guard
55%
CCotton Spore
53%
DDrum Beating
53%
GGrassy Glide
53%
TTrop Kick
53%
NNeedle Arm
49%
MMax Overgrowth
47%
FForest's Curse
44%
BBloom Doom
42%
BBranch Poke
42%
JJungle Healing
42%
AApple Acid
38%
GGrav Apple
36%
SStrength Sap
33%
GG-Max Sweetness
31%
GG-Max Tartness
31%
SSappy Seed
29%
SSnap Trap
24%

Score Distribution

Percentile by Number Answered

Percent of People with Each Score

Your Score History

You have not taken this quiz